00446 a2200169 450000100060000002000180000604000240002410000220004824000170007024500120008730000090009936200090010865000310011794200070014895201040015599900170025947499 a9788562832116 cAnchieta - Aquarius aBrasileiro, Jonar10aO bicholpor10aO bicho a40p.0 a2009 4aLiteratura infanto-juvenil cBK 00104070a87.1b87.1d2023-11-21l0o028.5 BRA BICp6226/AQUr2023-11-21 15:14:22w2023-11-21yBK c47499d47499